<?xml version="1.0" encoding="UTF-8"?><?xml-stylesheet type="text/xsl" href="static/style.xsl"?><OAI-PMH xmlns="http://www.openarchives.org/OAI/2.0/" xmlns:xsi="http://www.w3.org/2001/XMLSchema-instance" xsi:schemaLocation="http://www.openarchives.org/OAI/2.0/ http://www.openarchives.org/OAI/2.0/OAI-PMH.xsd"><responseDate>2026-06-29T22:27:02Z</responseDate><request verb="GetRecord" identifier="oai:docta.ucm.es:20.500.14352/103656" metadataPrefix="marc">https://docta.ucm.es/rest/oai/request</request><GetRecord><record><header><identifier>oai:docta.ucm.es:20.500.14352/103656</identifier><datestamp>2025-03-18T14:38:10Z</datestamp><setSpec>com_20.500.14352_14</setSpec><setSpec>col_20.500.14352_15</setSpec></header><metadata><record xmlns="http://www.loc.gov/MARC21/slim" xmlns:dcterms="http://purl.org/dc/terms/" xmlns:xsi="http://www.w3.org/2001/XMLSchema-instance" xmlns:doc="http://www.lyncode.com/xoai" xsi:schemaLocation="http://www.loc.gov/MARC21/slim http://www.loc.gov/standards/marcxml/schema/MARC21slim.xsd">
   <leader>00925njm 22002777a 4500</leader>
   <datafield ind2=" " ind1=" " tag="042">
      <subfield code="a">dc</subfield>
   </datafield>
   <datafield ind2=" " ind1=" " tag="720">
      <subfield code="a">Cichon, Bernardette</subfield>
      <subfield code="e">author</subfield>
   </datafield>
   <datafield ind2=" " ind1=" " tag="720">
      <subfield code="a">López Ejeda, Noemí</subfield>
      <subfield code="e">author</subfield>
   </datafield>
   <datafield ind2=" " ind1=" " tag="720">
      <subfield code="a">Charle Cuellar, Pilar</subfield>
      <subfield code="e">author</subfield>
   </datafield>
   <datafield ind2=" " ind1=" " tag="720">
      <subfield code="a">Ango Hamissou, Issa</subfield>
      <subfield code="e">author</subfield>
   </datafield>
   <datafield ind2=" " ind1=" " tag="720">
      <subfield code="a">Abdoul Karim, Ali Amadou</subfield>
      <subfield code="e">author</subfield>
   </datafield>
   <datafield ind2=" " ind1=" " tag="720">
      <subfield code="a">Aton, Cornelia</subfield>
      <subfield code="e">author</subfield>
   </datafield>
   <datafield ind2=" " ind1=" " tag="720">
      <subfield code="a">Sanoussi, Atté</subfield>
      <subfield code="e">author</subfield>
   </datafield>
   <datafield ind2=" " ind1=" " tag="720">
      <subfield code="a">Ousmane, Nassirou</subfield>
      <subfield code="e">author</subfield>
   </datafield>
   <datafield ind2=" " ind1=" " tag="720">
      <subfield code="a">Hamidou Lazoumar, Ramatoulaye</subfield>
      <subfield code="e">author</subfield>
   </datafield>
   <datafield ind2=" " ind1=" " tag="720">
      <subfield code="a">Ousmane Gado, Abdoul Aziz</subfield>
      <subfield code="e">author</subfield>
   </datafield>
   <datafield ind2=" " ind1=" " tag="720">
      <subfield code="a">Yassi Harouna, Zakou</subfield>
      <subfield code="e">author</subfield>
   </datafield>
   <datafield ind2=" " ind1=" " tag="720">
      <subfield code="a">Guerrero Oteyza, Saul</subfield>
      <subfield code="e">author</subfield>
   </datafield>
   <datafield ind2=" " ind1=" " tag="260">
      <subfield code="c">2023-09-01</subfield>
   </datafield>
   <datafield ind2=" " ind1=" " tag="520">
      <subfield code="a">Evidence on the cost of acute malnutrition treatment, particularly with regards to simplified approaches, is limited. The objective of this study was to determine the cost of acute malnutrition treatment and how it is influenced by treatment protocol and programme size. We conducted a costing study in Kabléwa and N’Guigmi, Diffa region, where children with acute malnutrition aged 6–59 months were treated either with a standard or simplified protocol, respectively. Cost data were collected from accountancy records and through key informant interviews. Programme data were extracted from health centre records. In Kabléwa, where 355 children were treated, the cost per child treated was USD 187.3 (95% CI: USD 171.4; USD 203.2). In N’Guigmi, where 889 children were treated, the cost per child treated was USD 110.2 (95% CI: USD 100.0; USD 120.3). Treatment of moderate acute malnutrition was cheaper than treatment of severe acute malnutrition. In a modelled scenario sensitivity analysis with an equal number of children in both areas, the difference in costs between the two locations was reduced from USD 77 to USD 11. Our study highlighted the significant impact of programme size and coverage on treatment costs, that cost can differ significantly between neighbouring locations, and that it can be reduced by using a simplified protocol.</subfield>
   </datafield>
   <datafield ind1="8" ind2=" " tag="024">
      <subfield code="a">Cichon, B., Lopez Ejeda, N., Charle Cuellar, P., Hamissou, I. A., Karim, A. A. A., Aton, C., Sanoussi, A., Ousmane, N., Lazoumar, R. H., Gado, A. A. O., Harouna, Z. Y., &amp; Oteyza, S. G. (2023). Cost of Acute Malnutrition Treatment Using a Simplified or Standard Protocol in Diffa, Niger. Nutrients, 15(17), 3833. https://doi.org/10.3390/nu15173833</subfield>
   </datafield>
   <datafield ind1="8" ind2=" " tag="024">
      <subfield code="a">2072-6643</subfield>
   </datafield>
   <datafield ind1="8" ind2=" " tag="024">
      <subfield code="a">10.3390/nu15173833</subfield>
   </datafield>
   <datafield ind1="8" ind2=" " tag="024">
      <subfield code="a">https://hdl.handle.net/20.500.14352/103656</subfield>
   </datafield>
   <datafield ind1="8" ind2=" " tag="024">
      <subfield code="a">https://doi.org/10.3390/nu15173833</subfield>
   </datafield>
   <datafield ind1="8" ind2=" " tag="024">
      <subfield code="a">37686865</subfield>
   </datafield>
   <datafield ind2="0" ind1="0" tag="245">
      <subfield code="a">Cost of Acute Malnutrition Treatment Using a Simplified or Standard Protocol in Diffa, Niger</subfield>
   </datafield>
</record></metadata></record></GetRecord></OAI-PMH>